000 01158nam0a22003011 4500
001 rc\3483973
005 20130115140706.4
021 _aRU
_b[69-92129]
035 _a(NLR Aleph) 007645919
090 _a6176400
_c6176400
100 _a20130115d1969 |||y0rusy50 ca
101 0 _arus
102 _aRU
105 _aa z |||||
200 1 _aНовая керамика
_e[Учеб. пособие для хим.-технол. специальностей вузов]
_fПод общ. ред. акад. чл.-кор. АН СССР П.П. Будникова
210 _aМосква
_cСтройиздат
_d1969
215 _a311 с.
_cил.
_d27
300 _aПеред загл. авт.: П.П. Будников, И.А. Булавин, Г.А. Выдрик и др.
320 _aБиблиогр.: с. 306-309
606 _aКерамика
_jУчебники и пособия
_2psbo
701 1 _aБулавин
_bИ. А.
701 1 _aВыдрик
_bГ. А.
701 1 _aБудников
_bП. П.
_gПетр Петрович
_4340
801 0 _aRU
_bNLR
_gpsbo
801 1 _aRU
_bELAR
_2rusmarc
852 _aNLR
_j69-7/2125
942 _cBOOK
980 _aNB